Con người cá nhân trong văn xuôi sau 1975 : Tiểu luận, nghiên cứu
Tìm hiểu về lịch sử nghệ thuật của kiến trúc và điêu khắc đền, tháp Champa, tìm hiểu cấu trúc kinh tế - xã hội của vương quốc cổ Champa bằng tiếp cận nhân học và khảo cổ học cảnh quan
Gardado en:
| Autor Principal: | |
|---|---|
| Formato: | Libro |
| Idioma: | Undetermined |
| Publicado: |
Hà Nội
Hội nhà văn
2020
|
| Những chủ đề: | |
| Các nhãn: |
Engadir etiqueta
Sen Etiquetas, Sexa o primeiro en etiquetar este rexistro!
|
| Thư viện lưu trữ: | Trung tâm Học liệu Trường Đại học Cần Thơ |
|---|
| LEADER | 00936nam a2200205Ia 4500 | ||
|---|---|---|---|
| 001 | CTU_239998 | ||
| 008 | 210402s9999 xx 000 0 und d | ||
| 082 | |a 895.922808 | ||
| 082 | |b H116 | ||
| 100 | |a Nguyễn, Thúy Hằng | ||
| 245 | 0 | |a Con người cá nhân trong văn xuôi sau 1975 : | |
| 245 | 0 | |b Tiểu luận, nghiên cứu | |
| 245 | 0 | |c Nguyễn Thúy Hằng | |
| 260 | |a Hà Nội | ||
| 260 | |b Hội nhà văn | ||
| 260 | |c 2020 | ||
| 520 | |a Tìm hiểu về lịch sử nghệ thuật của kiến trúc và điêu khắc đền, tháp Champa, tìm hiểu cấu trúc kinh tế - xã hội của vương quốc cổ Champa bằng tiếp cận nhân học và khảo cổ học cảnh quan | ||
| 650 | |a Văn xuôi Việt Nam,Vietnamese prose literature | ||
| 910 | |b nthai | ||
| 980 | |a Trung tâm Học liệu Trường Đại học Cần Thơ | ||